Marine log
Αποθηκεύτηκε σε:
| Μορφή: | Περιοδική έκδοση |
|---|---|
| Γλώσσα: | English |
| Δημοσίευση: |
New York, N.Y. :
Simmons-Boardman,
1987-
|
| Θέματα: | |
| Ετικέτες: |
Προσθήκη ετικέτας
Δεν υπάρχουν, Καταχωρήστε ετικέτα πρώτοι!
|
MARC
| LEADER | 00000nas a2200000 i 4500 | ||
|---|---|---|---|
| 001 | 1/98475 | ||
| 008 | 000120c19879999us eng | ||
| 022 | |a 08970491 | ||
| 035 | |l 10056526 | ||
| 040 | |a GR-MY-UA |b gre |e aacr | ||
| 041 | 0 | |a eng | |
| 082 | 0 | |a 623.8 | |
| 245 | 1 | 0 | |a Marine log |h [περιοδικό] |
| 260 | |a New York, N.Y. : |b Simmons-Boardman, |c 1987- | ||
| 300 | |a τ. : |b εικ. ; |c 28 εκ. | ||
| 310 | |a Μηνιαίο (εκτός από δεκαπενθήμερο το Δεκέμβριο), 1987- ; Μηνιαίο (εκτός από Ιούλιο/Αύγουστο), Ιαν. 1990- ; Μηνιαίο, 1995- | ||
| 500 | |a Reporting on marine business and technology | ||
| 650 | 0 | 0 | |a Marine engineering |x Periodicals. |
| 650 | 0 | 0 | |a Shipbuilding |x Periodicals. |
| 853 | |a INST |b CHIOS |c SER |h 623.8 | ||
| 901 | |a BIBL2-2004-1 | ||
| 922 | |a 2ΕΛΗ |b 20001 |c ΚΕΝΤΡΙΚΗ ΒΙΒΛΙΟΘΗΚΗ |d SWETS | ||
| 970 | |a ΣΑΛΑΜΟΥΡΑ |b ΜΑΡΙΑ |z 2004/04/22 | ||